[Event "DEM U10/U10w 2007"]
[Site "Willingen GER"]
[Date "2007.05.27"]
[Round "1"]
[White "Blübaum, Matthias"]
[Black "Hirschmann, Jakob"]
[Result "1-0"]
[Termination "normal"]
[Board "1"]
[WhiteElo "1761"]
[BlackElo "1175"]
[PlyCount "73"]
[WhiteFideId "24651516"]
[BlackFideId "24652067"]
[EventCountry "GER"]
[EventRounds "11"]
[EventType "swiss"]
[EventDate "2007.05.26"]

1. d4 Nf6 2. c4 e6 3. Nc3 Bb4 4. f3 O-O 5. e4 d6 6. a3 Bxc3+ 7. bxc3 Nc6 8. Bd3
Bd7 9. Ne2 e5 10. Bg5 h6 11. Bh4 Re8 12. Qd2 Na5 13. Rb1 Ba4 14. Rb4 Bb3 15.
Qb2 c5 16. Rxb3 Nxb3 17. Qxb3 Qa5 18. O-O exd4 19. cxd4 a6 20. d5 Qd2 21. Rd1
Qe3+ 22. Bf2 Qg5 23. f4 Qg4 24. h3 Qd7 25. Ng3 Rab8 26. a4 Qc7 27. Re1 b6 28.
Qb2 Nd7 29. Nf5 f6 30. Qe2 a5 31. Qg4 Nf8 32. Nxh6+ Kh8 33. Bh4 Nh7 34. Nf5
Rbd8 35. e5 dxe5 36. fxe5 Rxe5 37. Rxe5 1-0

[Event "DEM U10/U10w 2007"]
[Site "Willingen GER"]
[Date "2007.05.27"]
[Round "1"]
[White "Palm, Sören"]
[Black "Lampert, Jonas"]
[Result "0-1"]
[Termination "normal"]
[Board "2"]
[WhiteElo "1152"]
[BlackElo "1653"]
[PlyCount "104"]
[WhiteFideId "12925853"]
[BlackFideId "1303759"]
[EventCountry "GER"]
[EventRounds "11"]
[EventType "swiss"]
[EventDate "2007.05.26"]

1. e4 e6 2. d4 d5 3. exd5 exd5 4. Nf3 Bd6 5. c4 Nf6 6. Nc3 c6 7. Bg5 dxc4 8.
Bxc4 O-O 9. O-O Nbd7 10. d5 c5 11. Ne4 Qb6 12. Nxf6+ Nxf6 13. Bxf6 gxf6 14. Qc2
Kh8 15. Qc3 Kg8 16. Kh1 Bc7 17. Rad1 Qd6 18. Rfe1 Bg4 19. g3 Ba5 20. Qxa5 Bxf3+
21. Kg1 Bxd1 22. Rxd1 b6 23. Qc3 Qe5 24. Qf3 Rfe8 25. Bb5 Red8 26. d6 a6 27.
Bc6 Ra7 28. Qg4+ Kf8 29. Kf1 Qe6 30. Qf4 Rc7 31. dxc7 Rxd1+ 32. Kg2 Qxc6+ 33.
Qf3 Rd6 34. Qxc6 Rxc6 35. Kf3 Rxc7 36. Ke4 Re7+ 37. Kf5 Re2 38. Kxf6 Rxf2+ 39.
Kg5 Rxb2 40. Kh6 Rxh2+ 41. Kg5 c4 42. Kf4 c3 43. Ke3 c2 44. Kd3 c1=Q 45. a4
Rd2+ 46. Ke4 Qe1+ 47. Kf3 Rf2+ 48. Kg4 Qe4+ 49. Kh3 Qf5+ 50. g4 Qf3+ 51. Kh4
Rh2+ 52. Kg5 f6# 0-1

[Event "DEM U10/U10w 2007"]
[Site "Willingen GER"]
[Date "2007.05.27"]
[Round "1"]
[White "Svane, Rasmus"]
[Black "Faden, Maximillian"]
[Result "1-0"]
[Termination "normal"]
[Board "3"]
[WhiteElo "1616"]
[BlackElo "1144"]
[PlyCount "77"]
[WhiteFideId "4657101"]
[EventCountry "GER"]
[EventRounds "11"]
[EventType "swiss"]
[EventDate "2007.05.26"]

1. e4 e5 2. Nf3 Nc6 3. Bb5 Bc5 4. O-O d6 5. c3 Nf6 6. d4 exd4 7. cxd4 a6 8.
Bxc6+ bxc6 9. dxc5 dxc5 10. Qxd8+ Kxd8 11. Ne5 Re8 12. Rd1+ Bd7 13. Nxf7+ Kc8
14. Ng5 h6 15. Nf3 Rxe4 16. Nc3 Re8 17. b3 Ne4 18. Nxe4 Rxe4 19. Bb2 Re7 20.
Re1 Rf7 21. Ne5 Re7 22. Nxd7 Rxe1+ 23. Rxe1 Kxd7 24. Bxg7 h5 25. f4 Rg8 26. Bf6
Rf8 27. Bg5 Kd6 28. Be7+ Kd5 29. Bxf8 c4 30. bxc4+ Kxc4 31. f5 Kd4 32. f6 c5
33. f7 c4 34. Bg7+ Kd3 35. f8=Q c3 36. Qf3+ Kc4 37. Qxc3+ Kd5 38. Rd1+ Ke6 39.
Qf6# 1-0

[Event "DEM U10/U10w 2007"]
[Site "Willingen GER"]
[Date "2007.05.27"]
[Round "1"]
[White "Eichstaedt, Mirko"]
[Black "Nöttling, Dominik"]
[Result "0-1"]
[Termination "normal"]
[Board "4"]
[WhiteElo "1142"]
[BlackElo "1612"]
[PlyCount "144"]
[WhiteFideId "24692310"]
[BlackFideId "24672807"]
[EventCountry "GER"]
[EventRounds "11"]
[EventType "swiss"]
[EventDate "2007.05.26"]

1. e4 e6 2. d4 d5 3. Nd2 Nf6 4. e5 Nfd7 5. Bd3 c5 6. c3 Nc6 7. Ne2 cxd4 8. cxd4
Nb4 9. Bb1 f6 10. exf6 Nxf6 11. a3 Nc6 12. Nf3 Bd6 13. Bd3 O-O 14. O-O Qc7 15.
Be3 Ng4 16. h3 Nh2 17. Nxh2 Bxh2+ 18. Kh1 Bd6 19. Rc1 e5 20. Nc3 Qf7 21. Nxd5
exd4 22. Bxd4 Nxd4 23. Bc4 Ne6 24. Ne3 Qe7 25. Qh5 Qf6 26. Bd3 g6 27. Qd1 Qf4
28. Ng4 h5 29. g3 Qf3+ 30. Qxf3 Rxf3 31. Be4 hxg4 32. Bxf3 gxf3 33. Rfd1 Bc5
34. Kg1 Bb6 35. Rc3 Nd4 36. Rc4 Bxh3 37. Re1 Ne2+ 38. Kh2 Bxf2 39. Rd1 Bg2 40.
Rg4 Bg1+ 41. Rxg1 Nxg1 42. Kxg1 Re8 43. Rxg6+ Kh7 44. Rd6 Re1+ 45. Kf2 Re2+ 46.
Kg1 Bh3 47. Rf6 Rg2+ 48. Kh1 f2 49. b3 Rg1+ 50. Kh2 f1=Q 51. Rxf1 Rxf1 52. Kxh3
Rb1 53. b4 Ra1 54. Kh4 Rxa3 55. g4 Rb3 56. Kg5 Rxb4 57. Kf5 a5 58. g5 Rb5+ 59.
Kf6 Rxg5 60. Kxg5 a4 61. Kf4 a3 62. Ke3 a2 63. Kd4 a1=Q+ 64. Ke4 Kg6 65. Ke3
Qa4 66. Kd3 Kf5 67. Kc3 Ke5 68. Kd2 Qb3 69. Ke2 Kf4 70. Kd2 Ke4 71. Kc1 Qa2 72.
Kd1 Kd3 0-1

[Event "DEM U10/U10w 2007"]
[Site "Willingen GER"]
[Date "2007.05.27"]
[Round "1"]
[White "Toker, David"]
[Black "Rahimi, Anita"]
[Result "1-0"]
[Termination "normal"]
[Board "5"]
[WhiteElo "1536"]
[BlackElo "1138"]
[PlyCount "117"]
[BlackFideId "24692336"]
[EventCountry "GER"]
[EventRounds "11"]
[EventType "swiss"]
[EventDate "2007.05.26"]

1. d4 d5 2. c4 dxc4 3. Nc3 Nf6 4. Bf4 Bf5 5. e3 Ne4 6. Nxe4 Bxe4 7. f3 Bg6 8.
Bxc4 e6 9. a3 Nc6 10. Ne2 Be7 11. O-O O-O 12. b4 a6 13. Rc1 h6 14. e4 Bg5 15.
Bxg5 Qxg5 16. Qb3 Rad8 17. d5 exd5 18. Bxd5 Qd2 19. Rc2 Nd4 20. Rxd2 Nxb3 21.
Rb2 Nd4 22. Nxd4 c6 23. Bxc6 bxc6 24. Nxc6 Rd6 25. Ne7+ Kh7 26. Nxg6 Rxg6 27.
Rd1 Rc6 28. Rbd2 Rfc8 29. Rd6 f6 30. Rxc6 Rxc6 31. Rd3 Kg6 32. Kf2 Re6 33. Rd5
Rc6 34. Kg3 Rc3 35. Ra5 Rc6 36. h4 h5 37. Kf4 Re6 38. e5 fxe5+ 39. Rxe5 Rf6+
40. Ke4 Rc6 41. Kd5 Rc2 42. Re6+ Kf7 43. Rxa6 Rxg2 44. b5 Ke7 45. b6 Kd7 46.
Ra7+ Kc8 47. a4 Rb2 48. a5 Rd2+ 49. Ke6 Rb2 50. Kf7 Rb3 51. Kxg7 Rxf3 52. a6
Kb8 53. Rc7 Rb3 54. a7+ Ka8 55. Rc8+ Kb7 56. a8=Q+ Kxb6 57. Rc6+ Kb5 58. Qa6+
Kb4 59. Rc4# 1-0

[Event "DEM U10/U10w 2007"]
[Site "Willingen GER"]
[Date "2007.05.27"]
[Round "1"]
[White "Wagner, Dennis"]
[Black "Bajorski, Maria Sophie"]
[Result "1-0"]
[Termination "normal"]
[Board "7"]
[WhiteElo "1511"]
[BlackElo "1109"]
[PlyCount "33"]
[WhiteFideId "24650684"]
[BlackFideId "24654531"]
[EventCountry "GER"]
[EventRounds "11"]
[EventType "swiss"]
[EventDate "2007.05.26"]

1. e4 c5 2. Nf3 e6 3. d4 cxd4 4. Nxd4 a6 5. Nc3 Qc7 6. Bd3 Nf6 7. O-O Bc5 8.
Be3 b6 9. Re1 Bb7 10. Nb3 Bb4 11. Bd2 O-O 12. e5 Qc6 13. Ne4 Bxd2 14. Nbxd2 Nd5
15. Qh5 Nf4 16. Nf6+ gxf6 17. Qxh7# 1-0

[Event "DEM U10/U10w 2007"]
[Site "Willingen GER"]
[Date "2007.05.27"]
[Round "1"]
[White "Müller, Nils Samuel"]
[Black "Peil, Christoph"]
[Result "0-1"]
[Termination "normal"]
[Board "8"]
[WhiteElo "1089"]
[BlackElo "1504"]
[PlyCount "72"]
[WhiteFideId "24654361"]
[BlackFideId "24651800"]
[EventCountry "GER"]
[EventRounds "11"]
[EventType "swiss"]
[EventDate "2007.05.26"]

1. e4 c5 2. Nf3 Nc6 3. d4 cxd4 4. Nxd4 Nf6 5. Nc3 e6 6. Be3 Bb4 7. Nxc6 Bxc3+
8. bxc3 bxc6 9. f3 d5 10. e5 Nd7 11. f4 O-O 12. c4 f6 13. cxd5 cxd5 14. exf6
Qxf6 15. Qd4 Qxd4 16. Bxd4 Rxf4 17. Rd1 Bb7 18. c4 e5 19. Be3 Re4 20. Kd2 d4
21. Bf2 Rf8 22. Bg3 Nc5 23. Bd3 Nxd3 24. Kxd3 Re3+ 25. Kd2 Bxg2 26. Rhg1 Bh3
27. Rde1 Rff3 28. Bxe5 Rf2+ 29. Kc1 Rxe1+ 30. Rxe1 d3 31. Rg1 g6 32. Bd4 Rxa2
33. Rd1 Bf5 34. Rd2 Ra4 35. Kd1 Rxc4 36. Bxa7 Ra4 1-0

[Event "DEM U10/U10w 2007"]
[Site "Willingen GER"]
[Date "2007.05.27"]
[Round "1"]
[White "Scheel, Henrik"]
[Black "Wolf, Erasmus"]
[Result "0-1"]
[Termination "normal"]
[Board "9"]
[WhiteElo "1478"]
[BlackElo "1085"]
[PlyCount "150"]
[WhiteFideId "24692115"]
[EventCountry "GER"]
[EventRounds "11"]
[EventType "swiss"]
[EventDate "2007.05.26"]

1. e4 e5 2. Nf3 Nc6 3. Bc4 Bc5 4. O-O Nf6 5. Nc3 O-O 6. d3 h6 7. Be3 Bb6 8. a3
d6 9. h3 Be6 10. Bb3 d5 11. exd5 Bxd5 12. Nxd5 Nxd5 13. Bxd5 Qxd5 14. c4 Qd6
15. Qc2 Bxe3 16. fxe3 Qc5 17. Rfe1 f5 18. b4 Qe7 19. e4 f4 20. Qc3 Rad8 21. b5
Nd4 22. Nxd4 Rxd4 23. Rf1 Qc5 24. Kh1 g5 25. a4 Rf6 26. Qa3 Qd6 27. Rfd1 h5 28.
Qxd6 Rfxd6 29. Ra3 Rxe4 30. Rc3 Red4 31. Re1 Re6 32. Re4 Kf7 33. Kg1 Kf6 34.
Kf2 g4 35. hxg4 hxg4 36. g3 Rxe4 37. dxe4 Kg5 38. Rd3 a5 39. Rd7 Rd6 40. Rg7+
Kh5 41. gxf4 exf4 42. Rf7 g3+ 43. Kg2 Kg5 44. Rg7+ Kf6 45. Rg8 Kf7 46. Rg4 Rd2+
47. Kf1 Rf2+ 48. Ke1 Ke6 49. Rg5 Rh2 50. c5 c6 51. b6 Kf6 52. Rf5+ Kg6 53. Kf1
Rf2+ 54. Ke1 Rf3 55. Rf8 g2 56. Rg8+ Kf6 57. Rxg2 Re3+ 58. Re2 Ke5 59. Kd2 Rxe4
60. Rh2 Kd4 61. Rh7 Kxc5 62. Rxb7 Rxa4 63. Rb8 Rb4 64. b7 Kb6 65. Ra8 Kc7 66.
Rxa5 Kxb7 67. Rf5 Kb6 68. Ke2 c5 69. Kf3 Kb5 70. Rxf4 Rxf4+ 71. Kxf4 Kc4 72.
Ke3 Kc3 73. Ke2 Kc2 74. Ke3 c4 75. Ke2 c3 0-1

[Event "DEM U10/U10w 2007"]
[Site "Willingen GER"]
[Date "2007.05.27"]
[Round "1"]
[White "Nitzsche, Pia"]
[Black "Mainik, Philipp"]
[Result "1-0"]
[Termination "normal"]
[Board "10"]
[WhiteElo "1069"]
[BlackElo "1451"]
[PlyCount "71"]
[WhiteFideId "12900370"]
[BlackFideId "4638646"]
[EventCountry "GER"]
[EventRounds "11"]
[EventType "swiss"]
[EventDate "2007.05.26"]

1. c4 Nf6 2. Nc3 e6 3. g3 c6 4. Bg2 Be7 5. Nf3 O-O 6. O-O d5 7. cxd5 exd5 8. d4
Bf5 9. Bd2 Qd7 10. Ne5 Qc8 11. Rc1 Qd8 12. Na4 Re8 13. b4 Bd6 14. Nd3 Qd7 15.
Re1 Na6 16. Nac5 Bxd3 17. exd3 Qc7 18. a3 Rxe1+ 19. Qxe1 Re8 20. Qf1 Nb8 21. b5
b6 22. Nb3 Bxa3 23. Bf4 Qd7 24. Ra1 Bb4 25. Bh3 Qb7 26. Qg2 cxb5 27. Qf3 Nbd7
28. Kg2 Bc3 29. Rc1 b4 30. Nd2 Bxd4 31. Rc7 Qa6 32. Bxd7 Rd8 33. Qe2 Qa2 34.
Qe7 Rf8 35. Qxf8+ Kxf8 36. Bd6+ 1-0

[Event "DEM U10/U10w 2007"]
[Site "Willingen GER"]
[Date "2007.05.27"]
[Round "1"]
[White "Lagunov, Elina"]
[Black "Wiesner, Paula"]
[Result "1/2-1/2"]
[Termination "normal"]
[Board "11"]
[WhiteElo "1449"]
[BlackElo "1067"]
[PlyCount "102"]
[WhiteFideId "4673387"]
[BlackFideId "24654019"]
[EventCountry "GER"]
[EventRounds "11"]
[EventType "swiss"]
[EventDate "2007.05.26"]

1. e4 c5 2. Nf3 Nc6 3. d4 cxd4 4. Nxd4 Nf6 5. Nc3 e5 6. Ndb5 d6 7. Bg5 a6 8.
Na3 b5 9. Nd5 Be7 10. Bxf6 Bxf6 11. Be2 O-O 12. O-O Be6 13. c3 Bg5 14. Nc2 f5
15. exf5 Bxf5 16. Bd3 e4 17. Be2 Rb8 18. Bg4 Qd7 19. Bxf5 Rxf5 20. Qg4 Re8 21.
Nde3 Bxe3 22. Nxe3 Rf7 23. Qg5 Ne5 24. Rad1 Nd3 25. Ng4 Kh8 26. Rd2 Rf5 27. Qh4
Rf4 28. h3 Qf7 29. f3 h5 30. Re2 Kg8 31. Rxe4 Rexe4 32. Qd8+ Kh7 33. Qxd6 Re6
34. Qxd3+ Qg6 35. Qd2 Rf5 36. Ne3 Qg5 37. f4 Rxf4 38. Qd3+ Ree4 39. Re1 Kh6 40.
Ng4+ hxg4 41. Rxe4 Rxe4 42. Qxe4 gxh3 43. Qe6+ Kh7 44. Qxh3+ Kg6 45. Qe6+ Kh7
46. Qxa6 Qc1+ 47. Kh2 Qxb2 48. c4 Qd4 49. Qxb5 Qh4+ 50. Kg1 Qe1+ 51. Kh2 Qh4+
1/2-1/2

[Event "DEM U10/U10w 2007"]
[Site "Willingen GER"]
[Date "2007.05.27"]
[Round "1"]
[White "Ruff, Maximilian"]
[Black "Hümmecke, Aaron"]
[Result "1-0"]
[Termination "normal"]
[Board "12"]
[WhiteElo "1066"]
[BlackElo "1441"]
[PlyCount "63"]
[WhiteFideId "1271670"]
[BlackFideId "24692522"]
[EventCountry "GER"]
[EventRounds "11"]
[EventType "swiss"]
[EventDate "2007.05.26"]

1. e4 e5 2. Nf3 Nc6 3. Bc4 Nf6 4. Nc3 Bc5 5. d3 h6 6. Be3 Bxe3 7. fxe3 d6 8.
O-O Bg4 9. Qd2 Qd7 10. d4 a6 11. d5 Na5 12. Be2 O-O 13. b4 c5 14. bxa5 Qc7 15.
Rab1 b5 16. axb6 Qd7 17. b7 Rab8 18. Bxa6 Nh5 19. Nh4 Qe7 20. Nf5 Qg5 21. Nxd6
g6 22. Ncb5 f5 23. Na7 f4 24. exf4 Nxf4 25. Kh1 Be2 26. Rxf4 Rxf4 27. Qxe2 Kh7
28. Nc6 Rbf8 29. b8=Q Rf2 30. Qxf2 h5 31. Rb7+ Kh6 32. Qfxf8# 1-0

[Event "DEM U10/U10w 2007"]
[Site "Willingen GER"]
[Date "2007.05.27"]
[Round "1"]
[White "Volz, Alexander"]
[Black "Stolberg, Daniel"]
[Result "1-0"]
[Termination "normal"]
[Board "13"]
[WhiteElo "1433"]
[BlackElo "1033"]
[PlyCount "93"]
[WhiteFideId "4669126"]
[EventCountry "GER"]
[EventRounds "11"]
[EventType "swiss"]
[EventDate "2007.05.26"]

1. e4 e5 2. Nf3 Nc6 3. Bc4 Bc5 4. d3 Nf6 5. Nc3 d6 6. Bg5 h6 7. Bxf6 Qxf6 8.
Nd5 Qd8 9. c3 a6 10. d4 b5 11. Bxb5 axb5 12. dxc5 dxc5 13. Qe2 Ba6 14. Rd1 b4
15. c4 Nd4 16. Nxd4 cxd4 17. Nxb4 c5 18. Nd5 Bb7 19. a3 Bxd5 20. exd5 f6 21.
O-O O-O 22. f4 Re8 23. fxe5 Rxe5 24. Qd2 Qb6 25. Rfe1 Rg5 26. Qc2 h5 27. Re6
Qc7 28. Rde1 Re5 29. R1xe5 fxe5 30. Qe4 Rb8 31. Rxe5 Qf7 32. Rf5 Qd7 33. Rf2
Re8 34. Qf3 Qa4 35. Rf1 Qxc4 36. Qf7+ Kh8 37. Qxh5+ Kg8 38. Qxe8+ Kh7 39. Qe4+
Kg8 40. Re1 Qb5 41. Qe8+ Qxe8 42. Rxe8+ Kf7 43. Rc8 Ke7 44. Rxc5 Kd6 45. b4 d3
46. Rc3 Kxd5 47. Rxd3+ 1-0

[Event "DEM U10/U10w 2007"]
[Site "Willingen GER"]
[Date "2007.05.27"]
[Round "1"]
[White "Priese, Annika"]
[Black "Hansch, Karsten"]
[Result "0-1"]
[Termination "normal"]
[Board "14"]
[WhiteElo "1028"]
[BlackElo "1417"]
[PlyCount "96"]
[WhiteFideId "24673730"]
[BlackFideId "24692239"]
[EventCountry "GER"]
[EventRounds "11"]
[EventType "swiss"]
[EventDate "2007.05.26"]

1. e4 c5 2. Nf3 d6 3. d4 cxd4 4. Nxd4 a6 5. Nc3 e5 6. Nf3 Be6 7. Be2 Nf6 8. Be3
Be7 9. O-O O-O 10. h3 Qc7 11. Qd2 Nbd7 12. Bd3 Rac8 13. Bg5 Nb6 14. Ne2 Nc4 15.
Qc3 Rfe8 16. Ng3 h6 17. Bxf6 Bxf6 18. b3 Nb6 19. Qxc7 Rxc7 20. Rfd1 Nd7 21. Rd2
Rec8 22. Nf5 Bxf5 23. exf5 e4 24. Bxe4 Bxa1 25. Rxd6 Nc5 26. Bd5 Bb2 27. a4 Ba3
28. Bc4 Nxb3 29. Rd3 Rxc4 30. Rxb3 Rxc2 31. g3 R8c3 32. Rxc3 Rxc3 33. Kg2 b5
34. axb5 axb5 35. Nd4 b4 36. h4 Bb2 37. Nb5 Rc5 38. Nd6 b3 39. Ne4 Rd5 40. Kf1
Bf6 41. Ke1 b2 42. Nd2 Bc3 43. Ke2 Rxd2+ 44. Ke3 b1=Q 45. Kf4 Rd4+ 46. Kf3 Qh1+
47. Ke2 Qd1+ 48. Ke3 Qd3# 0-1

[Event "DEM U10/U10w 2007"]
[Site "Willingen GER"]
[Date "2007.05.27"]
[Round "1"]
[White "Heidelberger, Colin"]
[Black "Gayday, Alina"]
[Result "1-0"]
[Termination "normal"]
[Board "15"]
[WhiteElo "1415"]
[BlackElo "1024"]
[PlyCount "135"]
[EventCountry "GER"]
[EventRounds "11"]
[EventType "swiss"]
[EventDate "2007.05.26"]

1. e4 e5 2. Nf3 Nc6 3. Bb5 d6 4. d4 exd4 5. Nxd4 Bd7 6. Nc3 g6 7. Be3 Bg7 8.
Qd2 Nf6 9. a3 O-O 10. f3 Qe8 11. Bc4 Qe5 12. Ndb5 Na5 13. Be2 Bxb5 14. Nxb5 Nc6
15. c3 Rfc8 16. O-O a6 17. Nd4 Nxd4 18. Bxd4 Qh5 19. f4 Nxe4 20. Qc2 Bxd4+ 21.
cxd4 Qd5 22. Bf3 Qxd4+ 23. Kh1 Re8 24. Rad1 Qe3 25. Rde1 Qxf4 26. Bxe4 Qe5 27.
Qf2 Qg7 28. Bxb7 Rxe1 29. Rxe1 Rb8 30. Bxa6 Qxb2 31. Qxb2 Rxb2 32. h3 Ra2 33.
Re3 Ra1+ 34. Kh2 c5 35. Rd3 h5 36. Bb5 Rb1 37. a4 Ra1 38. Rxd6 Ra3 39. Rd5 c4
40. Bxc4 Rxa4 41. Bb3 Rb4 42. Bc2 Rb2 43. Be4 Re2 44. Bf3 Re7 45. Kg3 Kg7 46.
Rg5 Kh6 47. Rd5 g5 48. Rd6+ Re6 49. Rxe6+ fxe6 50. Be4 h4+ 51. Kg4 e5 52. Bf5
Kg7 53. Kxg5 Kf7 54. Kxh4 Kf6 55. Kg4 Kg7 56. h4 Kh6 57. h5 Kg7 58. g3 Kh6 59.
Be4 Kg7 60. Kf5 Kh6 61. g4 Kg7 62. g5 Kg8 63. h6 Kh8 64. g6 Kg8 65. Kxe5 Kh8
66. Kf6 Kg8 67. h7+ Kh8 68. g7# 1-0

[Event "DEM U10/U10w 2007"]
[Site "Willingen GER"]
[Date "2007.05.27"]
[Round "1"]
[White "Grigorian, Spartak"]
[Black "Kreyssig, Robert"]
[Result "0-1"]
[Termination "normal"]
[Board "16"]
[WhiteElo "1023"]
[BlackElo "1403"]
[PlyCount "34"]
[WhiteFideId "24661490"]
[BlackFideId "4662881"]
[EventCountry "GER"]
[EventRounds "11"]
[EventType "swiss"]
[EventDate "2007.05.26"]

1. d4 d5 2. c4 e5 3. dxe5 d4 4. e3 Bb4+ 5. Bd2 dxe3 6. Bxb4 exf2+ 7. Ke2
fxg1=N+ 8. Ke1 Qh4+ 9. Kd2 Qf2+ 10. Kc1 Nc6 11. c5 Nxb4 12. Rxg1 Qxc5+ 13. Nc3
Qe3+ 14. Kb1 Bf5+ 15. Qd3 Bxd3+ 16. Bxd3 Qxd3+ 17. Kc1 Qc2# 0-1

[Event "DEM U10/U10w 2007"]
[Site "Willingen GER"]
[Date "2007.05.27"]
[Round "1"]
[White "Szajbely, Zsigmond"]
[Black "Hartewig, Anja"]
[Result "1-0"]
[Termination "normal"]
[Board "17"]
[WhiteElo "1376"]
[BlackElo "1017"]
[PlyCount "73"]
[WhiteFideId "711691"]
[BlackFideId "12917966"]
[EventCountry "GER"]
[EventRounds "11"]
[EventType "swiss"]
[EventDate "2007.05.26"]

1. e4 c5 2. Nf3 d6 3. d4 cxd4 4. Nxd4 Nf6 5. Nc3 g6 6. Be2 Bg7 7. Be3 O-O 8.
O-O Nc6 9. f4 Nxd4 10. Bxd4 Nd7 11. Bxg7 Kxg7 12. Qd4+ Kg8 13. Kh1 Nf6 14. Bc4
e6 15. Rad1 Ne8 16. Nb5 Qb6 17. Qxb6 axb6 18. Nxd6 Nxd6 19. Rxd6 Ra6 20. Bxa6
bxa6 21. Rfd1 Kg7 22. Rxb6 Re8 23. e5 f6 24. Rc6 Kh6 25. exf6 Rf8 26. Rd3 g5
27. fxg5+ Kxg5 28. h4+ Kxh4 29. Rc5 h5 30. Rd4+ Kg3 31. Rc3+ Kf2 32. Rf3+ Ke2
33. Re4+ Kd2 34. Rf2+ Kc1 35. c3 Kb1 36. b3 h4 37. Re1# 1-0

[Event "DEM U10/U10w 2007"]
[Site "Willingen GER"]
[Date "2007.05.27"]
[Round "1"]
[White "Gröning, Finn Jonathan"]
[Black "Schuhmacher, Jakob"]
[Result "1/2-1/2"]
[Termination "normal"]
[Board "18"]
[WhiteElo "1015"]
[BlackElo "1365"]
[PlyCount "112"]
[WhiteFideId "1271634"]
[BlackFideId "4612787"]
[EventCountry "GER"]
[EventRounds "11"]
[EventType "swiss"]
[EventDate "2007.05.26"]

1. e4 e5 2. Nf3 Nc6 3. Bb5 a6 4. Ba4 Nf6 5. O-O b5 6. Bb3 Be7 7. Nc3 O-O 8. d3
d6 9. Bg5 Bg4 10. Bxf6 Bxf6 11. Bd5 Bxf3 12. Qxf3 Nd4 13. Qd1 c6 14. Bb3 a5 15.
a3 Nxb3 16. cxb3 b4 17. Na2 Qb6 18. Rb1 d5 19. Qd2 dxe4 20. dxe4 Rfd8 21. Qe1
Be7 22. a4 Rd4 23. Rd1 Rad8 24. Rxd4 Qxd4 25. Qe2 Qd2 26. Qxd2 Rxd2 27. Nc1
Rxb2 28. Nd3 Rxb3 29. Nxe5 Rc3 30. g3 b3 31. Rb1 Ba3 32. Nxc6 Rc1+ 33. Rxc1
Bxc1 34. Ne7+ Kf8 35. Nd5 b2 36. Nc3 Ke7 37. Kf1 Kd6 38. Ke2 Ke5 39. Kd3 f5 40.
exf5 Kxf5 41. f3 Ke5 42. h3 Kd6 43. f4 Kc5 44. f5 Bg5 45. Kc2 Bf6 46. Ne4+ Kd4
47. Nxf6 b1=Q+ 48. Kxb1 gxf6 49. Kc2 h5 50. g4 hxg4 51. hxg4 Ke4 52. g5 Kxf5
53. gxf6 Kxf6 54. Kc3 Ke6 55. Kc4 Kd6 56. Kb5 Kc7 1/2-1/2

[Event "DEM U10/U10w 2007"]
[Site "Willingen GER"]
[Date "2007.05.27"]
[Round "1"]
[White "Richter, Leonard"]
[Black "Jermann, Isabel"]
[Result "1/2-1/2"]
[Termination "normal"]
[Board "19"]
[WhiteElo "1359"]
[BlackElo "1013"]
[PlyCount "65"]
[WhiteFideId "12900290"]
[EventCountry "GER"]
[EventRounds "11"]
[EventType "swiss"]
[EventDate "2007.05.26"]

1. d4 d5 2. f4 Bf5 3. e3 Nf6 4. Nf3 Nc6 5. c3 e6 6. Be2 Bd6 7. Nbd2 O-O 8. O-O
Re8 9. Ne5 Bxe5 10. fxe5 Ne4 11. Nxe4 Bxe4 12. Bf3 Bf5 13. Qe2 f6 14. exf6 Qxf6
15. g4 Qg6 16. Qg2 Bd3 17. Re1 Rad8 18. e4 dxe4 19. Bxe4 Bxe4 20. Qxe4 Qxe4 21.
Rxe4 e5 22. dxe5 Rxe5 23. Rxe5 Nxe5 24. Bf4 Nf3+ 25. Kf2 Nd2 26. Bxc7 Rc8 27.
Bf4 Rf8 28. h3 Rxf4+ 29. Ke3 Rf1 30. Rxf1 Nxf1+ 31. Ke2 Ng3+ 32. Kf3 Nf1 33.
Ke2 1/2-1/2

[Event "DEM U10/U10w 2007"]
[Site "Willingen GER"]
[Date "2007.05.27"]
[Round "1"]
[White "Töws, Manuel"]
[Black "Cozma, Diana"]
[Result "1-0"]
[Termination "normal"]
[Board "21"]
[WhiteElo "1347"]
[BlackElo "1010"]
[PlyCount "67"]
[WhiteFideId "24654485"]
[BlackFideId "12929387"]
[EventCountry "GER"]
[EventRounds "11"]
[EventType "swiss"]
[EventDate "2007.05.26"]

1. d4 Nc6 2. e4 Nf6 3. Nc3 e5 4. d5 Nd4 5. Be3 Bc5 6. Na4 b6 7. Nxc5 bxc5 8. c3
Nxe4 9. cxd4 cxd4 10. Bd2 Qf6 11. Nf3 O-O 12. Bd3 Qg6 13. Nh4 Qf6 14. Bxe4 Qxh4
15. Qc2 g6 16. g3 Qh3 17. Qxc7 Ba6 18. Qd6 Bc4 19. b3 Qg4 20. f3 Qh3 21. bxc4
Qg2 22. Rf1 Qxh2 23. Qxe5 Rae8 24. Qf6 Qxg3+ 25. Rf2 Qg1+ 26. Rf1 Qg3+ 27. Kd1
d3 28. Bc3 Re5 29. Bxe5 Qxe5 30. Qxe5 Rc8 31. Rh1 d2 32. Rxh7 Kxh7 33. Kxd2 Kh6
34. Rh1# 1-0

[Event "DEM U10/U10w 2007"]
[Site "Willingen GER"]
[Date "2007.05.27"]
[Round "1"]
[White "Borrink, Guido"]
[Black "Xiong, Ferdinand"]
[Result "0-1"]
[Termination "normal"]
[Board "22"]
[WhiteElo "1009"]
[BlackElo "1346"]
[PlyCount "62"]
[WhiteFideId "1270502"]
[BlackFideId "24654132"]
[EventCountry "GER"]
[EventRounds "11"]
[EventType "swiss"]
[EventDate "2007.05.26"]

1. d4 d5 2. Bf4 Bf5 3. Nf3 Nc6 4. Nbd2 g6 5. c4 Bg7 6. e3 dxc4 7. Bxc4 Nf6 8.
Qb3 O-O 9. Qxb7 Na5 10. Qb5 Nxc4 11. Nxc4 a6 12. Qc5 Ne4 13. Qxc7 Qxc7 14. Bxc7
Rac8 15. O-O Rxc7 16. Rac1 Rfc8 17. Nfe5 Bxe5 18. dxe5 Rxc4 19. Rxc4 Rxc4 20.
h3 Rc2 21. f3 Ng3 22. Re1 Rxb2 23. a4 Ne2+ 24. Kh2 Nc3 25. e6 Bxe6 26. a5 Ra2
27. Rc1 Nb5 28. Kg3 Rxa5 29. Kf4 Kg7 30. Ke5 Nc3+ 31. Kd4 Ne2+ 0-1

[Event "DEM U10/U10w 2007"]
[Site "Willingen GER"]
[Date "2007.05.27"]
[Round "1"]
[White "Imcke, Patrick"]
[Black "Herbst, Timothy"]
[Result "1-0"]
[Termination "normal"]
[Board "23"]
[WhiteElo "1342"]
[BlackElo "1002"]
[PlyCount "105"]
[WhiteFideId "4622502"]
[BlackFideId "12900346"]
[EventCountry "GER"]
[EventRounds "11"]
[EventType "swiss"]
[EventDate "2007.05.26"]

1. e4 c5 2. Nf3 d6 3. d4 cxd4 4. Nxd4 Nf6 5. Nc3 g6 6. Be2 Bg7 7. Be3 Nc6 8.
Qd2 O-O 9. O-O-O Bg4 10. f3 Nxd4 11. Bxd4 Be6 12. g4 h6 13. h4 Nd7 14. Bxg7
Kxg7 15. f4 f6 16. f5 Bf7 17. g5 h5 18. Rhg1 Ne5 19. gxf6+ exf6 20. fxg6 Nxg6
21. Bxh5 Kh7 22. Bxg6+ Bxg6 23. Qxd6 Qxd6 24. Rxd6 Rad8 25. e5 Rxd6 26. exd6
Rd8 27. Rd1 Bh5 28. Rd4 Kg6 29. Ne4 Bg4 30. Nxf6 Kxf6 31. Rxg4 Rxd6 32. a4 Rd5
33. b3 Rh5 34. Rd4 Ke6 35. c4 Rf5 36. Kb2 Rf2+ 37. Kc3 a5 38. Rd5 Rf3+ 39. Kb2
Rf2+ 40. Ka3 b6 41. Rb5 Rh2 42. Rxb6+ Kd7 43. Ra6 Rxh4 44. Rxa5 Rd4 45. Rd5+
Rxd5 46. cxd5 Kd6 47. Kb4 Kxd5 48. Kb5 Kd6 49. Kb6 Kd5 50. a5 Kd6 51. a6 Kd5
52. a7 Kd4 53. a8=Q 1-0